Makovička čítanka pre žiakov ZŠ s vývinovou poruchou čítania 2. časť

Bibliographic Details
Main Author: Batiková, Stanislava (Author)
Other Authors: Chovanová, Kvetoslava (Illustrator)
Format: Book
Language:Slovak
PhysicalDescription:123 s. ilustr. 29 cm
Published: Bratislava Proxima press 2006
ISBN:8085454971
Edition:3. vyd.
Subjects:

MARC

LEADER 00000nam a2200000 a 4500
001 vtls008773727
003 SK-MaSNL
005 20260301124123.0
008 240318s2006 xo a b 000 0 slo
015 |a SNBA2006/06-03411 
020 |a 8085454971  |q (brož.) 
035 |a 28C8E8B6-3F82-46B8-A20E-13CC3D87F13F 
035 |a urn:nbn:sk:snk-amkrcn 
035 |a urn:nbn:sk:snk-am005d2d 
040 |a SNK  |b slo  |c SNK  |e AACR2 
041 0 |a slo 
044 |a xo  |c SK 
072 7 |a 376  |x Výchova a vzdelávanie zvláštnych skupín osôb  |2 konspekt 
080 |a (075.2)  |2 2001 
080 |a (076.1)  |2 2001 
080 |a 616.89-008.434.5  |2 2001 
080 |a 37.016:028-028.31  |2 2001 
100 1 |a Batiková, Stanislava  |4 aut  |9 318002 
245 1 0 |a Makovička  |b čítanka pre žiakov ZŠ s vývinovou poruchou čítania  |n 2. časť  |c S. Batiková, K. Chovanová 
250 |a 3. vyd. 
260 |a Bratislava  |b Proxima press  |c 2006 
300 |a 123 s.  |b ilustr.  |c 29 cm 
650 0 7 |a čítanie  |2 SNKPH  |9 1654 
650 0 7 |a dyslexia  |2 SNKPH  |9 3734 
655 7 |a učebnice špeciálnych základných škôl  |2 SNKPH  |9 70204 
655 7 |a pracovné zošity  |2 SNKPH  |9 70188 
700 1 |a Chovanová, Kvetoslava  |4 ill  |9 318003 
919 |a 80-85454-97-1 
999 |c 738513  |d 740443 
952 |a SNK  |b SNK  |y PREZ  |7 0  |p 17A0514021  |o snkSB 72457/2  |i snk2006/12175  |8 0  |0 0  |1 0  |4 0  |d 2006-06-15  |l 0  |r 2025-04-25 00:00:00  |w 2026-02-23 
952 |a SNK  |b SNK  |y VYP  |7 0  |p 17A0514022  |o snkSB 72457/2 D1  |i snk2006/12176  |8 0  |0 0  |1 0  |4 0  |d 2006-06-15  |f 1  |l 0  |r 2016-06-30 00:00:00  |w 2026-02-23